| 000 | 00606nam a22001817a 4500 | ||
|---|---|---|---|
| 999 |
_c11965 _d11965 |
||
| 008 | 210908b ||||| |||| 00| 0 eng d | ||
| 020 | _a9789280117295 | ||
| 082 |
_a623.8930218 _bIMO |
||
| 100 | _aInternational Maritime Organization | ||
| 245 | _aPerformance standards for shipborne radiocommunications and navigational equipment | ||
| 250 | _a2020 Ed. | ||
| 260 |
_aLondon _bInternational Maritime Organization _c2020 |
||
| 300 | _av, 834p. | ||
| 650 | _aMarine radio stations | ||
| 650 | _aRadio--Installation on ships--Standards | ||
| 650 | _aAids to navigation--Safety regulations | ||
| 942 | _cBK | ||